El impuesto sobre la renta y complementarios : (Registro nro. 4748)

Detalles MARC
000 -LEADER
fixed length control field 01648nam a2200313Ia 4500
003 - CONTROL NUMBER IDENTIFIER
control field OSt
005 - DATE AND TIME OF LATEST TRANSACTION
control field 20200704132347.0
008 - FIXED-LENGTH DATA ELEMENTS--GENERAL INFORMATION
fixed length control field 191128s2013 ck fr 000 0 spa d
020 ## - INTERNATIONAL STANDARD BOOK NUMBER
International Standard Book Number 9789587720693
040 ## - CATALOGING SOURCE
Original cataloging agency CO-JMCR
Transcribing agency CO-JMCR
041 0# - LANGUAGE CODE
Language code of text/sound track or separate title spa
082 04 - DEWEY DECIMAL CLASSIFICATION NUMBER
Classification number 336.24 /
Item number P695i
Edition number 23
100 1# - MAIN ENTRY--PERSONAL NAME
Personal name Piza Rodríguez, Julio Roberto,
Relator term editor
9 (RLIN) 6667
245 13 - TITLE STATEMENT
Title El impuesto sobre la renta y complementarios :
Remainder of title consideraciones teóricas y prácticas /
Statement of responsibility, etc. editores Julio Roberto Piza Rodríguez, Pedro Sarmiento Pérez y Roberto Insignares Gómez
250 ## - EDITION STATEMENT
Edition statement Tercera edición
260 ## - PUBLICATION, DISTRIBUTION, ETC.
Place of publication, distribution, etc. Bogotá :
Name of publisher, distributor, etc. Universidad Externado de Colombia,
Date of publication, distribution, etc. 2013
300 ## - PHYSICAL DESCRIPTION
Extent 811 páginas ;
Dimensions 24 cm.
505 0# - FORMATTED CONTENTS NOTE
Formatted contents note Aspectos generales de la tributación directa -- El elemento subjetivo del impuesto -- El elemento objetivo del impuesto -- El impuesto de renta en las personas naturales -- Aspectos relativos al tratamiento especial del impuesto sobre la renta
520 3# - SUMMARY, ETC.
Summary, etc. Los principales objetivos de los cambios en la política tributaria colombiana, son la general de empleo, mejorando además la competitividad de nuestras empresas y la reducción de la desigualdad, buscando la distribución adecuada de la carga tributaria.
650 14 - SUBJECT ADDED ENTRY--TOPICAL TERM
Topical term or geographic name entry element Impuestos sobre la renta
General subdivision doctrina
9 (RLIN) 6668
650 14 - SUBJECT ADDED ENTRY--TOPICAL TERM
Topical term or geographic name entry element Derecho financiero
Geographic subdivision Colombia
9 (RLIN) 6669
650 14 - SUBJECT ADDED ENTRY--TOPICAL TERM
Topical term or geographic name entry element Derecho fiscal
Geographic subdivision Colombia
9 (RLIN) 6670
650 14 - SUBJECT ADDED ENTRY--TOPICAL TERM
Topical term or geographic name entry element Sociedades comerciales
9 (RLIN) 6671
650 14 - SUBJECT ADDED ENTRY--TOPICAL TERM
Topical term or geographic name entry element Impuesto sobre la renta
9 (RLIN) 6672
650 14 - SUBJECT ADDED ENTRY--TOPICAL TERM
Topical term or geographic name entry element Impuestos
Geographic subdivision Colombia
9 (RLIN) 6673
700 1# - ADDED ENTRY--PERSONAL NAME
Personal name Sarmiento Pérez, Pedro,
Relator term editor
9 (RLIN) 6674
700 1# - ADDED ENTRY--PERSONAL NAME
Personal name Insignares Gómez, Roberto,
Relator term editor
9 (RLIN) 6675
942 ## - ADDED ENTRY ELEMENTS (KOHA)
Source of classification or shelving scheme Dewey Decimal Classification
Koha item type Books
Existencias
Withdrawn status Lost status Source of classification or shelving scheme Damaged status Not for loan Collection code Home library Current library Date acquired Source of acquisition Cost, normal purchase price Total Checkouts Full call number Barcode Date last seen Copy number Koha item type
    Dewey Decimal Classification     Non-fiction Biblioteca Pública José María del Castillo y Rada Biblioteca Pública José María del Castillo y Rada 01/01/2013 Donación 0.00   336.24 / P695i 430000255 05/16/2024 Ej.1 Books